000 00801nam a2200265Ia 4500
003 OSt
005 20220927111540.0
006 a|||||r|||| 00| 0
007 ta
008 220926b |||||||| |||| 00| 0 eng d
024 _a85522
037 _cReports
040 _aRTL
_cRTL
_beng
041 _2eng
_aeng
082 _a"X93.2.N8t4, N0/GD"
110 _a"India, (Govt. of-)"
245 0 _aREPORTS/RECOMMENDATIONS of various committees on public enterprises.
260 _aNew
_bDelhi Scope Publicate India
_c1990
300 _a875p.
_ccm.
500 _aStanding Conference on Public Enterprises Publication
650 _aPublic Sector Economics
700 _a"India, (Govt. of-)"
942 _h"X93.2.N8t4, N0/GD"
_cCC
999 _c699248
_d699248